000 00554nam a2200169 i 4500
001 90509
003 ES-MaACL
007 t|
008 050121s1969 mx ||||1| spa d
100 1 _aLe Breton, Preston P.
_970850
245 1 0 _aAdministración general
_b: planeación y ejecución /
_cPreston P. Le Breton ; [traducción... Eduardo L. Suárez].
250 _a[1ª ed.].
260 _aMéxico :
_bFondo de Cultura Económica,
_c[1969]
300 _a269 p. ;
_c21 cm.
700 1 _aSuárez, Eduardo L.
_9108553
852 _aES-MaACL
_jE-6830
_bR.91418
999 _c90509
_d90509